Statistics for First 200 Words of Harry Potter and the Prisoner of Azkaban

Click here to take the quiz!

General Stats

  • This quiz has been taken 2,742 times
  • The average score is 107 of 200

Answer Stats

Answer% Correct
Harry
97%
a
97%
(A
97%
the
93%
The
93%
he
93%
Potter
90%
was
86%
Was
86%
in
79%
boy
78%
be
78%
And
77%
and
77%
to
76%
of
74%
on
74%
his
74%
On
74%
do
73%
it.
72%
It
72%
wizard.
72%
it
72%
for
65%
For
65%
Magic
64%
magic
64%
night.
62%
not
60%
book
57%
but
57%
bed,
57%
book,
57%
homework
57%
one
55%
summer
55%
that
55%
at
55%
wanted
53%
time
52%
they
51%
by
51%
very
51%
as
51%
year.
50%
were
50%
History
49%
other
48%
did
47%
any
45%
like
44%
hand
44%
thing,
44%
than
44%
hated
44%
him
43%
read:
43%
(more
43%
up
43%
real...
43%
secret,
43%
more
43%
forced
41%
really
41%
dead
40%
over
40%
holidays
40%
many
40%
Bagshot)
39%
would
39%
ways.
39%
unusual
38%
lying
38%
Bathilda
38%
another,
37%
also
37%
quill
37%
head
37%
"Witch
37%
good
36%
glasses
33%
happened
32%
stomach
32%
midnight,
31%
essay,
29%
page,
29%
nose,
29%
write
28%
looked
28%
Muggles)
27%
Century
27%
nearly
27%
people
27%
open
27%
Burning
26%
feather
26%
down
26%
pillow.
26%
tip
26%
blankets
25%
Non-
25%
large
25%
top
24%
known
24%
flashlight
24%
something
24%
tent,
23%
pushed
23%
help
23%
bridge
23%
highly
23%
looking
22%
round
22%
Fourteenth
22%
commonly
21%
right
21%
afraid
21%
leather-
20%
propped
20%
Pointless-
20%
against
20%
eagle-
20%
Completely
20%
discuss."
19%
times,
19%
bound
19%
paragraph.
19%
rare
19%
occasion
19%
paused
17%
moved
17%
medieval
16%
likely-
16%
catch
16%
drawn
15%
particularly
14%
closer
14%
recognizing
13%
frowning
11%

Score Distribution

Percentile by Number Answered

Percent of People with Each Score

Your Score History

You have not taken this quiz